Normal view
MARC view
Entry Personal Name
Number of records used in: 981
001 - CONTROL NUMBER
- control field: 39143
003 - CONTROL NUMBER IDENTIFIER
- control field: dpl
005 - DATE AND TIME OF LATEST TRANSACTION
- control field: 20120113113834.0
008 - FIXED-LENGTH DATA ELEMENTS
- fixed length control field: 120113|||a|||||| | ||| d
040 ## - CATALOGING SOURCE
- Original cataloging agency: dpl
- Transcribing agency: dpl
100 ## - HEADING--PERSONAL NAME
- Personal name: पँवार,मीनाक्षी
670 ## - SOURCE DATA FOUND
- Source citation: Work cat.: (dpl): 23632 वर्मा,एम.एल. "निकुंज", नारी उत्पीडन और कानून /, 2011
670 ## - SOURCE DATA FOUND
- Source citation: Work cat.: (dpl): 23632 वर्मा,एम.एल. "निकुंज", नारी उत्पीडन और कानून /, 2011
